000 00810nam a22002657a 4500
999 _c35185
_d35185
001 4612
003 CO-MdFUSB
005 20180622073145.0
008 180418t1981 sp ||||| |||| 00| 0 spa d
020 _a84-7293-072-6
040 _aCO-MdFUSB
_bspa
_cCO-MdFUSB
_dCO-MdFUSBC
_erda
041 0 _aspa
_heng
082 0 4 _aG 227.85 H6331t
100 1 _aHiebert, D. Edmond (David) (1910-)
_eautor
245 0 _aTito y Filemón
_c / Edmond Hiebert
264 4 _aBarcelona, España :
_b Portavoz,
_c©1981
300 _a130 Pag
336 _2rdacontent
_atexto
_btxt
337 _2rdamedia
_asin mediación
_bn
338 _2rdacarrier
_avolumen
_bnc
500 _aTítulo original : Titus and Philemon
653 _aBiblia N.T. - Tito - Comentarios
653 _aBiblia N.T. - Filemón - Comentarios
942 _cBK